Разработка системы управления силовым преобразователем параллельной структуры для генерирующих установок на базе возобновляемых источников энергии, используемых в энергорайонах с объектами нефтегазовой промышленности; Проблемы геологии и освоения недр; Т. 2

Λεπτομέρειες βιβλιογραφικής εγγραφής
Parent link:Проблемы геологии и освоения недр=Problems of Geology and Subsurface Development: труды XXVI Международного симпозиума имени академика М. А. Усова студентов и молодых учёных, посвященный 90-летию со дня рождения Н. М. Рассказова, 120-летию со дня рождения Л. Л. Халфина, 50-летию научных молодежных конференций имени академика М. А. Усова, Томск, 4-8 апреля 2022 г./ Национальный исследовательский Томский политехнический университет, Инженерная школа природных ресурсов ; гл. ред. А. С. Боев ; под ред. Е. Ю. Пасечник.— , 2022
Т. 2.— 2022.— [С. 93-95]
Κύριος συγγραφέας: Аскаров А. Б. Алишер Бахрамжонович
Συγγραφή απο Οργανισμό/Αρχή: Национальный исследовательский Томский политехнический университет Инженерная школа энергетики Отделение электроэнергетики и электротехники
Άλλοι συγγραφείς: Суворов А. А. Алексей Александрович (научный руководитель), Андреев М. В. Михаил Владимирович, Гусев А. С. Александр Сергеевич
Περίληψη:Заглавие с экрана
Γλώσσα:Ρωσικά
Έκδοση: 2022
Σειρά:Энергосбережение, автоматизация объектов нефтегазовой промышленности
Θέματα:
Διαθέσιμο Online:http://earchive.tpu.ru/handle/11683/73997
Μορφή: Ηλεκτρονική πηγή Κεφάλαιο βιβλίου
KOHA link:https://koha.lib.tpu.ru/cgi-bin/koha/opac-detail.pl?biblionumber=635057

MARC

LEADER 00000naa2a2200000 4500
001 635057
005 20240201161619.0
035 |a (RuTPU)RU\TPU\conf\36894 
035 |a RU\TPU\conf\36893 
090 |a 635057 
100 |a 20221101d2022 k y0rusy50 ca 
101 0 |a rus 
102 |a RU 
105 |a y z 100zy 
135 |a drcn ---uucaa 
181 0 |a i  
182 0 |a b 
200 1 |a Разработка системы управления силовым преобразователем параллельной структуры для генерирующих установок на базе возобновляемых источников энергии, используемых в энергорайонах с объектами нефтегазовой промышленности  |f А. Б. Аскаров, А. А. Суворов, М. В. Андреев  |g науч. рук. А. С. Гусев 
203 |a Текст  |c электронный 
225 1 |a Энергосбережение, автоматизация объектов нефтегазовой промышленности 
300 |a Заглавие с экрана 
320 |a [Библиогр.: с. 95 (5 назв.)] 
461 1 |0 (RuTPU)RU\TPU\conf\36761  |t Проблемы геологии и освоения недр  |l Problems of Geology and Subsurface Development  |o труды XXVI Международного симпозиума имени академика М. А. Усова студентов и молодых учёных, посвященный 90-летию со дня рождения Н. М. Рассказова, 120-летию со дня рождения Л. Л. Халфина, 50-летию научных молодежных конференций имени академика М. А. Усова, Томск, 4-8 апреля 2022 г.  |o в 2 т.  |f Национальный исследовательский Томский политехнический университет, Инженерная школа природных ресурсов ; гл. ред. А. С. Боев ; под ред. Е. Ю. Пасечник  |d 2022 
463 1 |0 (RuTPU)RU\TPU\conf\36763  |t Т. 2  |v [С. 93-95]  |d 2022 
610 1 |a труды учёных ТПУ 
610 1 |a электронный ресурс 
610 1 |a системы управления 
610 1 |a силовые преобразователи 
610 1 |a параллельные структуры 
610 1 |a генерирующие установки 
610 1 |a возобновляемые источники энергии 
610 1 |a энергорайоны 
610 1 |a объекты 
610 1 |a нефтегазовая промышленность 
610 1 |a электроснабжение 
700 1 |a Аскаров  |b А. Б.  |c специалист в области электроэнергетики  |c инженер-исследователь Томского политехнического университета  |f 1994-  |g Алишер Бахрамжонович  |3 (RuTPU)RU\TPU\pers\42739  |9 21571 
701 1 |a Суворов  |b А. А.  |c специалист в области электроэнергетики  |c доцент Томского политехнического университета, кандидат технических наук  |f 1990-  |g Алексей Александрович  |3 (RuTPU)RU\TPU\pers\35125  |9 18400 
701 1 |a Андреев  |b М. В.  |c специалист в области электроэнергетики  |c доцент Томского политехнического университета, кандидат технических наук  |f 1987-  |g Михаил Владимирович  |3 (RuTPU)RU\TPU\pers\28036 
702 1 |a Гусев  |b А. С.  |c специалист в области электроэнергетики  |c профессор Томского политехнического университета, доктор технических наук  |f 1947-  |g Александр Сергеевич  |4 727 
712 0 2 |a Национальный исследовательский Томский политехнический университет  |b Инженерная школа энергетики  |b Отделение электроэнергетики и электротехники  |3 (RuTPU)RU\TPU\col\23505 
801 2 |a RU  |b 63413507  |c 20221205  |g RCR 
856 4 |u http://earchive.tpu.ru/handle/11683/73997 
942 |c BK